Top 5 European Leagues Top Assisters: 2000/01 - Statistics

General Stats
  • This quiz has been taken 3 times
  • The average score is 10 of 30
Answer Stats
League Assists Club Nationality Player % Correct
Premier League 12 Manchester United England David Beckham
100%
La Liga 18 Real Madrid Portugal Luis Figo
100%
Premier League 9 Arsenal France Thierry Henry
100%
Serie A 8 Juventus Italy Alessandro Del Piero
67%
Bundesliga 11 Bayern Munich Bosnia and Herzegovina Hasan Salihamidzic
67%
Premier League 10 Chelsea Netherlands Jimmy Floyd Hasselbaink
67%
Premier League 10 Newcastle Peru Norberto Solano
67%
La Liga 10 Barcelona Brazil Rivaldo
67%
Serie A 8 Brescia Italy Roberto Baggio
67%
La Liga 10 Real Madrid Brazil Roberto Carlos
67%
Serie A 15 Juventus France Zinedine Zidane
67%
Serie A 9 Inter Uruguay Alvaro Recoba
33%
Serie A 8 Roma Brazil Cafu
33%
Bundesliga 11 Borussia Dortmund Germany Lars Ricken
33%
La Liga 9 Real Madrid Brazil Savio
33%
Premier League 9 Liverpool Czechia Vladimir Smicer
33%
Bundesliga 11 Schalke Germany Andreas Moller
0%
Bundesliga 11 Schalke Belgium Emile Mpenza
0%
Division 1 10 Nantes France Eric Carriere
0%
Division 1 5 Nantes France Frederic Da Rocha
0%
Bundesliga 12 Eintracht Frankfurt Germany Horst Heldt
0%
Division 1 4 Lille France Laurent Peyrelade
0%
Division 1 4 Nantes France Nicolas Laspalles
0%
Division 1 9 Sedan France Olivier Quint
0%
La Liga 10 Barcelona Spain Pep Guardiola
0%
Serie A 10 Udinese Italy Stefano Fiore
0%
Division 1 4 Saint-Etienne France Stephane Pedron
0%
Division 1 4 Nantes France Stephane Ziani
0%
Bundesliga 11 Cottbus Hungary Vasile Miriuta
0%
Division 1 6 Bastia France Yann Lachuer
0%
No matching quizzes found
Score Distribution
Percent of People with Each Score
Percentile by Number Answered
Your Score History
You have not taken this quiz